Erfinder und Entdecker zuordnen - Statistiken

Allgemein
  • Dieses Quiz wurde 1.540 mal gespielt
  • Das Durchschnittsergebnis liegt bei 8 aus 17
Antwortstatistiken
Hint Extra Hint Antwort % Korrekt
Evolutionstheorie 1845-1871 Charles Darwin
90%
E = mc² 1905 Albert Einstein
85%
Röntgenstrahlen 1895 Wilhelm Conrad Röntgen
85%
Gravitation 1687 Isaac Newton
78%
Psychoanalyse 1896 Siegmund Freud
75%
Die "Neue" Welt 1492 Christoph Kolumbus
72%
Tuberkulose-Erreger 1882 Robert Koch
52%
Neues Weltbild 1543 Nikolaus Kopernikus
50%
Botanik und Pflanzenkunde 300 v. Chr. Theophrastus von Eresus
37%
Quantenmechanik 1925 Werner Heisenberg
37%
Elektrische Spannung 1789 Luigi Galvani
32%
Ein neuer Kontinent namens Amerika 1507 Amerigo Vespucci
24%
Theorie der Wahrscheinlichkeit 1650 Pierre de Fermat & Blaise Pascal
21%
HIV Aids-Virus 1984 Luc Montagnier & Robert Gallo
19%
Impfstoffe 1881 Louis Pasteur
17%
Bakterien 1683 Antoni van Leeuwenhoek
12%
Photosynthese 1946 Melvin Calvin
10%
Keine übereinstimmenden Quizze gefunden
Verteilung der Resultate
Anzahl Personen mit jedem Resultat
Perzentil nach korrekt beantworteten Fragen
Ihre Resultats-Entwicklung
Sie haben dieses Quiz noch nicht gespielt